000 00582nam a22001937a 4500
005 20251108173139.0
008 250721s9999 xx 000 0 ara d
020 _a9953721076
082 1 4 _a613.2/ رزق
100 1 _aرزق، هيام
245 1 0 _aصحتك في غذائك /
264 1 _aبيروت :
_bدار القلم للطباعة و النشر و التوزيع،
300 _a108ص
490 0 _aالسلسلة الطبية : الدليل الصحي للأسرة
_v5
650 1 7 _aالأغذية
650 1 7 _aالصحة
942 _2ddc
_cBK
999 _c97127
_d97127